000 00490nam a2200181Ia 4500
999 _c14293
_d14293
003 OSt
005 20210209111145.0
008 190216s9999||||xx |||||||||||||| ||und||
020 _a7099300599
040 _coclc
082 _a813.54
_bBRO/W
100 _aBrown, Sandra
_98460
245 0 _aWords Of Silk /
_cSandra Brown
260 _bWarner Books,
_aNew York:
_c1984.
300 _a210p
650 _aEnglish
942 _cBK
_2ddc
_h813.54
_iBRO/W
_k813.54
_mBRO/W